Представление документа в формате RUSMARC

ПолеНазваниеЗначение
  Тип записи a
  Библиографический уровень m
001 Контрольный номер 4e018426053f4e079ee93a7120065854
005 Дата корректировки 20260616092224.0
010 Индекс ISBN __
a ISBN 978-5-9614-9546-1
010 Индекс ISBN __
a ISBN 978-5-9614-2338-9
b Уточнения сер.
9 Тираж 2000 экз.
100 Данные общей обработки __
a Данные общей обработки 20260615d2024 mady0rusy028902 ca
101 Язык документа 0_
a Язык текста rus
102 Страна публикации __
a Страна публикации RU
105 Кодированные данные (монография) __
a Кодированные данные (монография) a z 000yy
181 Поле кодированных данных: вид содержания _0
a Код вида содержания (ISBD) i
182 Поле кодированных данных: тип средства _0
a Код типа средства (ISBD) n
200 Заглавие и сведения об ответственности 1_
a Заглавие Командная работа. Запуск проекта любой сложности
f Первые сведения об ответственности Виктория Шиманская, Никита Карпов
203 Вид содержания и тип средства __
a Вид содержания Текст
c Тип средства непосредственный
210 Выходные данные 1_
a Место издания Москва
c Издательство Альпина Паблишер
c Издательство Альпина.дети
d Дата издания 2024
215 Физическое описание __
a Объем 169 с.
c Иллюстрации/тип воспроизводства цв. ил.
d Формат 22 см
225 Серия 2_
a Серия Навыки будущего для подростков
225 Серия 2_
a Серия Серия "4К - навыки будущего"
330 Аннотация __
a Аннотация В жизни как в компьютерной игре: проходить квест в одиночку сложно, а иногда просто невозможно. Гораздо эффективнее подобрать команду, в которой у каждого есть свой талант и своя зона ответственности, и вместе идти к цели. Виктория Шиманская и Никита Карпов, эксперты в области психологии и развития эмоционального интеллекта, адаптировали проверенные бизнес-методики и техники к подростковым реалиями и показали, как с их помощью можно прокачать один из самых востребованных навыков — умение работать в команде. Вы узнаете, как: распределить роли и подобрать подходящих участников в команду; четко и понятно ставить задачи и сроки; разрешать конфликты и находить общий язык с людьми разных темпераментов; вдохновлять и вести за собой в трудные времена. Эта книга будет особенно полезна школьникам, потому что учеба в школе — это один большой проект. И реализовывать его с командой единомышленников гораздо интереснее.
333 Примечание о целевом назначении __
a Примечание о целевом назначении 12+. Для детей старше 12 лет
517 Другие варианты заглавия 1_
a Другие варианты заглавия 4К - навыки будущего
606 Тематические рубрики __
2 Код системы nlr_sh
a Основная рубрика Психология
606 Тематические рубрики __
2 Код системы nlr_sh
a Основная рубрика Детская психология
606 Тематические рубрики __
2 Код системы nlr_sh
a Основная рубрика Социальная психология
610 Ключевые слова 0_
a Ключевые слова психология для подростков
610 Ключевые слова 0_
a Ключевые слова саморазвитие подростков
610 Ключевые слова 0_
a Ключевые слова общение подростков
610 Ключевые слова 0_
a Ключевые слова навыки общения
610 Ключевые слова 0_
a Ключевые слова коммуникативные навыки
610 Ключевые слова 0_
a Ключевые слова лидерство
610 Ключевые слова 0_
a Ключевые слова работа в команде
610 Ключевые слова 0_
a Ключевые слова подростковая психология
610 Ключевые слова 0_
a Ключевые слова эмоциональное развитие
610 Ключевые слова 0_
a Ключевые слова детская литература
686 Индексы других классификаций __
2 Код системы rubbks
a Классификационный индекс 88.415
686 Индексы других классификаций __
2 Код системы rubbks
a Классификационный индекс 88.50; ст88.415 + ст88.50
700 Автор _1
a Фамилия Шиманская
b Имя В. А.
f Даты 1980-
g Полное личное имя Виктория Александровна
4 Код отношения 070
701 Альтернативная интеллектуальная ответственность _1
a Фамилия Карпов
b Имя Н. Л.
f Даты 1985-
g Полное личное имя Никита Леонидович
4 Код отношения 070
702 Вторичная интеллектуальная ответственность _1
a Фамилия Чупин
b Имя А. А.
g Полное личное имя Андрей Алексеевич
4 Код отношения 340
702 Вторичная интеллектуальная ответственность _1
a Фамилия Семенова
b Имя Е. П.
g Полное личное имя Елизавета Петровна
4 Код отношения 340
801 Источник записи _0
a Страна RU
b Организация Муниципальное бюджетное учреждение культуры "Централизованная библиотечная система" г. Сургут (Центральная городская библиотека им. А. С. Пушкина)
c Дата составления 20260615
g Правила каталогизации PSBO
801 Источник записи _1
a Страна RU
b Организация Муниципальное бюджетное учреждение культуры "Централизованная библиотечная система" г. Сургут (Центральная городская библиотека им. А. С. Пушкина)
c Дата составления 20260615
g Правила каталогизации PSBO
852 Данные о местонахождении __
i Авторский знак Ш 61
j Шифр хранения 88.415
901 Тип документа __
a Ответственный КиК/Обаева
t Тип документа m
901 Тип документа __
a Ответственный без партии
903 Характеристики (МАРС) __
a Дата передачи 20260615
c Наименование библиотеки (МАРС) Муниципальное бюджетное учреждение культуры "Централизованная библиотечная система" г. Сургут (Центральная городская библиотека им. А. С. Пушкина)
969 Тип издания __
a Тип издания Ф 26
a Тип издания издание для подростков